| 000 | 01602cam a22003858i 4500 | ||
|---|---|---|---|
| 001 | 21898119 | ||
| 003 | EG-ScBUE | ||
| 005 | 20230515091124.0 | ||
| 008 | 210209s2022 enka f b 001 0 eng d | ||
| 020 | _a9781350132559 | ||
| 040 |
_aDLC _beng _erda _cDLC _dEG-ScBUE |
||
| 082 | 0 | 0 |
_a746.92 _222 _bREN |
| 100 | 1 |
_aRenfrew, Elinor, _eauthor. |
|
| 245 | 1 | 0 |
_aDeveloping a fashion collection / _cElinor Renfrew and Todd Lynn. |
| 250 | _aThird edition. | ||
| 264 | 1 |
_aLondon ; _aNew York : _bBloomsbury Visual Arts, _c2022. |
|
| 300 |
_avii, 179 pages : _bcolor illustrations ; _c24 cm. |
||
| 336 |
_atext _btxt _2rdacontent |
||
| 337 |
_aunmediated _bn _2rdamedia |
||
| 338 |
_avolume _bnc _2rdacarrier |
||
| 490 | 0 | _aBasic fashion design | |
| 504 | _aIncludes bibliographical references and index. | ||
| 520 |
_a"Guides fashion designers from initial concept through to the exhibition and sale of a finished collection, with 27 interviews to offer insightful advice from industry insiders"-- _cProvided by publisher. |
||
| 650 | 7 |
_aFashion design. _2BUEsh |
|
| 650 | 7 |
_aFashion. _2BUEsh |
|
| 650 | 7 |
_aFashion designers _vInterviews. _2BUEsh |
|
| 650 | 7 |
_aFashion shows. _2BUEsh |
|
| 653 |
_bART _cMay2023 |
||
| 655 | _vReading book | ||
| 700 | 1 |
_aLynn, Todd, _eauthor. |
|
| 776 | 0 | 8 |
_iOnline version: _aRenfrew, Elinor. _tDeveloping a fashion collection. _b3rd edition _dLondon ; New York : Bloomsbury Visual Arts, 2021 _z9781350132597 _w(DLC) 2021006007 |
| 906 |
_a7 _bcbc _corignew _d1 _eecip _f20 _gy-gencatlg |
||
| 942 |
_2ddc _cBB |
||
| 999 |
_c30365 _d30336 |
||